Maiores companhias aéreas da África - Statistics

Estatísticas Gerais
  • Esse quiz foi jogado 20 vezes
  • A pontuação média é 6 de 10
Estatísticas das Respostas
Posição Companhia aérea % Correto
Ethiopian Airlines
88%
South African Airways
88%
EgyptAir
82%
Royal Air Maroc
71%
TAAG
71%
10ª Airlink
59%
Kenya Airways
53%
Air Algérie
24%
Air Mauritius
24%
RwandAir
24%
Nenhum quiz correspondente encontrado
Distribuição das Pontuações
Porcentagem de Pessoas com Cada Pontuação
Percentil de Números Respondidos
Sua Pontuação Histórica
Você não jogou esse quiz